Xấp xỉ ổn định lời giải của bài toán cauchy cho phương trình poisso trong nửa mặt phẳng trên
Đề tài trình bày vấn đề xấp xỉ ổn định lời giải của bài toán cauchy cho phương trình poisson trong nửa mặt phẳng trên
Uloženo v:
| Hlavní autor: | |
|---|---|
| Médium: | Kniha |
| Jazyk: | Undetermined |
| Vydáno: |
Cần Thơ
Đại học Cần Thơ
2003
|
| Témata: | |
| Tagy: |
Přidat tag
Žádné tagy, Buďte první, kdo otaguje tento záznam!
|
| Thư viện lưu trữ: | Trung tâm Học liệu Trường Đại học Cần Thơ |
|---|
| LEADER | 00838nam a2200205Ia 4500 | ||
|---|---|---|---|
| 001 | CTU_83343 | ||
| 008 | 210402s9999 xx 000 0 und d | ||
| 082 | |a 515 | ||
| 082 | |b H401 | ||
| 088 | |a 604601 | ||
| 100 | |a Cao, Hữu Hòa | ||
| 245 | 0 | |a Xấp xỉ ổn định lời giải của bài toán cauchy cho phương trình poisso trong nửa mặt phẳng trên | |
| 245 | 0 | |c Cao Hữu Hòa | |
| 260 | |a Cần Thơ | ||
| 260 | |b Đại học Cần Thơ | ||
| 260 | |c 2003 | ||
| 520 | |a Đề tài trình bày vấn đề xấp xỉ ổn định lời giải của bài toán cauchy cho phương trình poisson trong nửa mặt phẳng trên | ||
| 650 | |a Mathematical analysis | ||
| 904 | |i Mai Loan, QHieu | ||
| 980 | |a Trung tâm Học liệu Trường Đại học Cần Thơ | ||